| 000 | 01301nam a2200325 i 4500 | ||
|---|---|---|---|
| 001 | 000002710 | ||
| 003 | DO-SdBNP | ||
| 005 | 20231012123421.0 | ||
| 007 | ta | ||
| 008 | 090703s2012 dr a 000 0 spa d | ||
| 020 | _a9789945472172 | ||
| 040 |
_aDO-SdBNP _bspa _cBPMSU _erda |
||
| 082 | 4 |
_a305.42 _bM671d 2012 _222 |
|
| 245 | 0 | 0 |
_aMiradas desencadenantes : _bcontrucción de conocimientos para la igualdad / _ccoordinadora Lourdes Contreras ; presentación Ángela Hernández. |
| 264 |
_aSanto Domingo : _bINTEC, _c2012. |
||
| 300 |
_a478 p. : _bilustraciones ; _c25 cm. |
||
| 336 |
_2rdacontent _atexto _btxt |
||
| 337 |
_2rdamedia _asin mediación _bn |
||
| 338 |
_2rdacarrier _avolumen _bnc |
||
| 500 | _aA la cabeza de la portada: Conferencias dominicanas de estudios de género. | ||
| 504 | _aIncluye bibliografía y notas al pie de páginas. | ||
| 590 | _aInventariado, 2023/VM | ||
| 650 | 4 |
_aFeminismo _xInvestigaciones _xCongresos, conferencias, etc. |
|
| 650 | 4 |
_aMujeres en República Dominicana _xCongresos, conferencias, etc. |
|
| 650 | 4 |
_aDerechos de la mujer _zRepública Dominicana _xCongresos, conferencias, etc. |
|
| 700 | 1 |
_aContreras, Lourdes, _ecoordinadora |
|
| 710 | 2 | _aInstituto Tecnológico de Santo Domingo | |
| 910 | _aVMateo V. Control de calidad. BPMSU | ||
| 942 |
_2ddc _cBK |
||
| 999 |
_c14479 _d14479 |
||